[Event "Tenerife-ch"]
[Site "Tenerife"]
[Date "2015.04.24"]
[Round "6"]
[White "Medina Sanchez, Gines"]
[Black "Gutierrez Garcia, Ramon"]
[Result "1-0"]
[WhiteElo "1715"]
[BlackElo "1453"]
[PlyCount "119"]
[EventDate "2015.04.13"]
[EventType "swiss"]
[EventRounds "9"]
[EventCountry "ESP"]
[SourceTitle "CBM 166 Extra"]
[Source "ChessBase"]
[SourceDate "2015.06.18"]
[SourceVersion "1"]
[SourceVersionDate "2015.06.18"]
[SourceQuality "1"]

1. d4 d5 2. Nf3 Nf6 3. Bg5 Nbd7 4. e3 h6 5. Bf4 e6 6. Bd3 c5 7. c3 Be7 8. Nbd2 c4 9. Bc2 0-0 10. 0-0 Nh5 11. Re1 f5 12. Qe2 Nxf4 13. exf4 Rf6 14. Nf1 Nf8 15. Ne5 Bd6 16. Qh5 Bxe5 17. Rxe5 Bd7 18. Nd2 Ng6 19. Re3 Nxf4 20. Qf3 Qc7 21. g3 Nh3+ 22. Kg2 f4 23. Re5 fxg3 24. Qxg3 Rxf2+ 25. Kxh3 Rxd2 26. Qg6 Rxc2 27. Qxc2 Rf8 28. Qg2 Qd8 29. Rf1 Rxf1 30. Qxf1 Qf6 31. Qg2 Qf4 32. Qe2 g6 33. Kg2 Qf7 34. Re3 Qf5 35. Rg3 Kg7 36. Rf3 Qg4+ 37. Kh1 Qe4 38. Qf2 e5 39. Kg1 Qb1+ 40. Kg2 Bf5 41. Kg3 Qc1 42. h3 e4 43. Re3 Qh1 44. Qg2 Qxg2+ 45. Kxg2 g5 46. b3 cxb3 47. axb3 a6 48. c4 Be6 49. Rc3 Kg6 50. Kg3 h5 51. c5 Bd7 52. Rc1 h4+ 53. Kg2 g4 54. hxg4 Kg5 55. b4 Kxg4 56. Kf2 Kf4 57. Rc3 h3 58. Rc1 e3+ 59. Kg1 e2 60. Kf2 1-0